[Event "CZE-chT 9798"]
[Site "CZE"]
[Date "1998.03.08"]
[Round "9"]
[White "Vokac, Marek"]
[Black "Stocek, Jiri"]
[Result "1-0"]
[WhiteElo "2510"]
[BlackElo "2450"]

1.e4 c5 2.Nf3 d6 3.Bb5+ Nd7 4.d4 Nf6 5.Nc3 cxd4 6.Qxd4 e5 7.Qd3 h6 8.Be3 Be7
9.O-O O-O 10.a4 Nb8 11.Bc4 Nc6 12.Nd5 Nxd5 13.Bxd5 Nb4 14.Qb3 Nxd5 15.exd5 f5
16.Nxe5 f4 17.Bd4 dxe5 18.d6+ Rf7 19.dxe7 Qxe7 20.Bc3 f3 21.Rfe1 Qg5 22.g3 Qg4
23.Qb5 Bd7 24.Qf1 e4 25.h3 Qg6 26.Re3 Re8 27.b3 h5 28.Rd1 h4 29.g4 Bxg4 30.hxg4 Qxg4+
31.Kh2 Rf5 32.Qh3 Qf4+ 33.Kh1 Rg5 34.Qd7 Rf8 35.Rg1 Rxg1+ 36.Kxg1 Qf7 37.Qxf7+ Kxf7
38.Kh2 g5 39.Kh3 Kg6 40.Kg4 h3 41.Re1 h2 42.Rh1 Rc8 43.Bd4 Rxc2 44.Bxa7 Rb2
45.Be3 Rxb3 46.Bxg5 Rb4 47.Be3 Rxa4 48.Rxh2  1-0

[Event "Budapest FS03 IM"]
[Site "Budapest"]
[Date "1998.03.10"]
[Round "4"]
[White "Todorov, Todor"]
[Black "Farago, Sandor"]
[Result "1-0"]
[WhiteElo "2405"]
[BlackElo "2285"]

1.e4 c5 2.Nf3 d6 3.Bb5+ Bd7 4.Bxd7+ Qxd7 5.O-O Nc6 6.c3 Nf6 7.d4 Nxe4 8.d5 Nd8
9.Re1 Nf6 10.Bg5 e6 11.Bxf6 gxf6 12.Nbd2 Be7 13.Nc4 O-O 14.a4 Kh8 15.Qe2 Rg8
16.b3 Bf8 17.Nh4 exd5 18.Ne3 Qh3 19.Qh5 Qd7 20.Nxd5 Rg5 21.Qf3 Re5 22.Nxf6 Qe6
23.Rxe5 dxe5 24.Qf5 Qxf5 25.Nxf5 Nc6 26.Rd1 Ne7 27.Ne3 Kg7 28.Ne4 Nc6 29.Rd7 b6
30.g4 Rd8 31.Rc7 Na5 32.h4 h5 33.gxh5 Nxb3 34.Nf5+ Kh8 35.Rxf7 Kg8 36.Rxa7  1-0

[Event "VISA GP"]
[Site "Reykjavik"]
[Date "1998.03.10"]
[Round "1"]
[White "Petermann, Hubert"]
[Black "Thorhallsson, Throstur"]
[Result "0-1"]
[WhiteElo "2125"]
[BlackElo "2480"]

1.e4 c5 2.Nf3 d6 3.Bb5+ Bd7 4.Bxd7+ Nxd7 5.O-O g6 6.c3 Ngf6 7.Qe2 Bg7 8.d4 e5
9.Rd1 Qe7 10.dxe5 dxe5 11.c4 O-O 12.Nc3 h6 13.Be3 Rad8 14.Rd3 Nxe4 15.Nxe4 f5
16.Nc3 e4 17.Bf4 Qf7 18.Rd2 exf3 19.Qxf3 Ne5 20.Qe2 Rxd2 21.Qxd2 Nxc4 22.Qd5 Bxc3
23.Qxf7+ Kxf7 24.bxc3 g5 25.Be3 Nxe3 26.fxe3 Rd8 27.Rb1 b6 28.Rb3 Rd1+ 29.Kf2 Rd2+  0-1

[Event "AUT-chT2O 9798"]
[Site "Austria"]
[Date "1998.03.11"]
[Round "11"]
[White "Schirmbeck, Hannes"]
[Black "Tummeltshammer, Gernot"]
[Result "1-0"]
[WhiteElo "2150"]
[BlackElo "2070"]

1.e4 c5 2.Nf3 d6 3.Bb5+ Nc6 4.h3 Bd7 5.O-O Nf6 6.Re1 Ne5 7.Bxd7+ Qxd7 8.Nxe5 dxe5
9.b3 e6 10.Bb2 Bd6 11.Na3 b5 12.f4 c4 13.fxe5 Bxa3 14.Bxa3 Qd4+ 15.Kh1 Qxe5
16.d4 Qf4 17.Qe2 Rc8 18.Bc5 Nd7 19.Rf1 Qc7 20.Ba3 Nf6 21.d5 a5 22.dxe6 fxe6
23.Rxf6 gxf6 24.Qh5+ Kd7 25.Qxb5+ Qc6 26.Rd1+ Kc7 27.Qxa5+ Kb7 28.Rd6  1-0

[Event "VISA GP"]
[Site "Reykjavik"]
[Date "1998.03.11"]
[Round "2"]
[White "Vidarsson, Jon G"]
[Black "Rausis, Igors"]
[Result "1/2-1/2"]
[WhiteElo "2380"]
[BlackElo "2520"]

1.e4 c5 2.Nf3 d6 3.Bb5+ Bd7 4.Qe2 Nf6 5.Nc3 Nc6 6.O-O e5 7.d3 Be7 8.a3 O-O
9.Bxc6 bxc6 10.b4 cxb4 11.axb4 a5 12.bxa5 Rxa5 13.Bd2 Rxa1 14.Rxa1 Qb8 15.Qd1 h6
16.Qc1 Bg4 17.Qa3 Bxf3 18.gxf3 Nh5 19.Qa6 Qd8 20.Ne2 Bg5 21.Be3 Qf6 22.Kg2 d5
23.exd5 Bxe3 24.fxe3 Qg5+ 25.Kf2 cxd5 26.Qc6 d4 27.exd4 Nf4 28.Nxf4 Qxf4
29.Kg2 Qg5+ 30.Kf1 exd4 31.Ra8 Qc1+ 32.Kg2 Qd2+ 33.Kg3 Qg5+ 34.Kf2 Qe3+ 35.Kg2 g6
36.Rxf8+ Kxf8 37.Qa8+ Kg7 38.Qe4 Qxe4 39.dxe4 g5 40.Kg3 h5 41.f4 f6 42.Kf3 Kf7
43.Ke2 g4 44.h4 gxh3 45.Kf2 h4 46.Kg1 Kg6 47.Kh2 Kh6 48.Kxh3 Kh5 49.e5 fxe5
50.fxe5 Kg5 51.e6 Kf6  1/2-1/2

[Event "Golden Cleopatra"]
[Site "Cairo"]
[Date "1998.03.12"]
[Round "2"]
[White "Sarwat, Walaa"]
[Black "Ovsejevitsch, Sergei"]
[Result "0-1"]
[WhiteElo "2310"]
[BlackElo "2475"]

1.e4 c5 2.Nf3 d6 3.Bb5+ Nc6 4.O-O Bd7 5.c3 Nf6 6.Re1 a6 7.Bf1 Bg4 8.d3 e6
9.Be3 Be7 10.Nbd2 O-O 11.d4 cxd4 12.cxd4 d5 13.e5 Ne4 14.Be2 Rc8 15.Rc1 Nxd2
16.Nxd2 Bf5 17.a3 Qb6 18.Nb3 Na7 19.Bd3 Rxc1 20.Bxc1 Bxd3 21.Qxd3 Rc8 22.Bd2 Rc4
23.g4 Nc6 24.Be3 Qb5 25.Rd1 b6 26.Kg2 Na5 27.Nxa5 bxa5 28.f4 Qxb2+ 29.Rd2 Qxa3
30.Qxa3 Bxa3 31.Ra2 Bb4 32.Kf3 Bc3 33.f5 h6 34.Rc2 a4 35.Ke2 a3 36.Kd3 Ra4
37.Ra2 Bb2 38.h4 h5 39.fxe6 fxe6 40.gxh5 Kh7 41.Kc2 Rc4+ 42.Kb1 a5 43.Bd2 Rxd4
44.Bxa5 Rxh4  0-1

[Event "Golden Cleopatra"]
[Site "Cairo"]
[Date "1998.03.13"]
[Round "3"]
[White "Estrada Nieto, Julian"]
[Black "El Ghazali, Youssef M"]
[Result "1/2-1/2"]
[WhiteElo "2395"]
[BlackElo "2385"]

1.e4 c5 2.Nf3 d6 3.Bb5+ Bd7 4.Bxd7+ Nxd7 5.O-O Ngf6 6.Qe2 e6 7.b3 Be7 8.Bb2 O-O
9.c4 Rc8 10.d4 cxd4 11.Nxd4 a6 12.Nc3 Qa5 13.Rfd1 Qg5 14.Rac1 Nh5 15.Nf3 Qg6
16.Ba3 Nf4 17.Qf1 Nc5 18.Kh1 Nxe4 19.Nxe4 Qxe4 20.Bxd6 Bxd6 21.Rxd6 Rfd8
22.Rcd1 Rxd6 23.Rxd6 h6 24.Rd4 Qf5 25.g3 e5 26.Rd2 Ne6 27.Qe2 e4 28.Nd4 Nxd4
29.Rxd4 Re8 30.Kg2 g5 31.h3 Kg7 32.Rd5 Qf6 33.Qe3 Re6 34.c5 Re5 35.Rxe5 Qxe5
36.g4 Kf8 37.b4 Qd5 38.a3 Ke7 39.f3 Ke6 40.fxe4 Qc4 41.Qf3 Ke5 42.Qf5+ Kd4
43.Qf6+ Kd3 44.Qf3+ Kd4 45.Qf6+ Kd3 46.Qf3+ Kd4 47.Qf6+  1/2-1/2

[Event "VISA GP"]
[Site "Reykjavik"]
[Date "1998.03.14"]
[Round "5"]
[White "Van der Weide, Karel"]
[Black "Stefansson, Hannes"]
[Result "1/2-1/2"]
[WhiteElo "2450"]
[BlackElo "2540"]

1.e4 c5 2.Nf3 d6 3.Bb5+ Nd7 4.O-O Nf6 5.Re1 e5 6.c3 Be7 7.d4 O-O 8.dxe5 dxe5
9.Bg5 a6 10.Bxf6 Nxf6 11.Qxd8 Bxd8 12.Bf1 Bc7 13.a4 Bd7 14.a5 Bc6 15.Nfd2 g5
16.f3 g4 17.Nc4 gxf3 18.gxf3 Nh5 19.Ne3 Rad8 20.Nf5 Rd7 21.c4 Ng7 22.Nxg7 Kxg7
23.Nc3 f5 24.Nd5 fxe4 25.fxe4 Bd8 26.Bh3 Rdf7 27.Bf5 Kh8 28.Re2 Rg7+ 29.Rg2 Bg5
30.Ra3 Rfg8 31.Kf1 Bc1 32.Rxg7 Rxg7 33.Rb3 Bd2 34.Ra3 Bc1 35.Rb3  1/2-1/2

[Event "POL-ch"]
[Site "Ksiaz"]
[Date "1998.03.16"]
[Round "5"]
[White "Hnydiuk, Aleksander"]
[Black "Grabarczyk, Bogdan"]
[Result "0-1"]
[WhiteElo "2355"]
[BlackElo "2425"]

1.e4 c5 2.Nf3 d6 3.Bb5+ Nd7 4.d4 cxd4 5.Qxd4 a6 6.Bxd7+ Bxd7 7.Nc3 e5 8.Qd3 h6
9.a4 Nf6 10.Nd2 Be6 11.Nc4 d5 12.exd5 Nxd5 13.Nxd5 Qxd5 14.Qxd5 Bxd5 15.Nb6 Rd8
16.Nxd5 Rxd5 17.Be3 Ke7 18.Ke2 Ke6 19.c4 Rd7 20.Rhd1 Be7 21.Rxd7 Kxd7 22.Rd1+ Ke6
23.b3 h5 24.Rd5 g5 25.Bd2 g4 26.Be3 f6 27.Rd1 Rc8 28.Bd2 b5 29.cxb5 axb5
30.axb5 Rb8 31.Kd3 Rxb5 32.Rb1 Kd5 33.Kc2 Bc5 34.Rd1 Bd4 35.Be3 Rc5+ 36.Kd2 Ra5
37.Bxd4 exd4 38.Rf1 Ra2+ 39.Kd3 Rb2 40.f3 gxf3 41.gxf3 Rxb3+ 42.Ke2 Kc4 43.Ra1 d3+
44.Kd1 Kc3 45.Rc1+ Kd4 46.Rc6 f5 47.h3 Rb1+ 48.Kd2 Rb2+ 49.Kd1 Ke3 50.Re6+ Kxf3
51.Rh6 h4  0-1

[Event "VISA GP"]
[Site "Reykjavik"]
[Date "1998.03.16"]
[Round "7"]
[White "Christiansen, Larry Mark"]
[Black "Hansen, Curt"]
[Result "1-0"]
[WhiteElo "2575"]
[BlackElo "2595"]

1.e4 c5 2.Nf3 d6 3.Bb5+ Bd7 4.Bxd7+ Qxd7 5.O-O Nc6 6.b3 Nf6 7.Re1 g6 8.c3 Bg7
9.d4 cxd4 10.cxd4 d5 11.e5 Ne4 12.Bb2 O-O 13.Nbd2 f5 14.exf6 Nxd2 15.Ne5 Nxe5
16.dxe5 exf6 17.e6 Qd6 18.Qxd2 Rfe8 19.Qe3 a5 20.Rad1 Re7 21.Bd4 Rc8 22.Re2 Rc6
23.Rde1 f5 24.Bxg7 Kxg7 25.Qd4+ Kg8 26.h4 h5 27.Re5 Qb4 28.Qxd5 Rd6 29.Qxa5 Qxh4
30.Rb5 Kg7 31.Rxf5 Rexe6 32.Rxe6 Rxe6 33.Qc3+ Kh7 34.Rf7+ Kh6 35.Qh8+  1-0

[Event "JUG-ch53"]
[Site "Belgrade "]
[Date "1998.03.22"]
[Round "9"]
[White "Markovic, Miroslav"]
[Black "Kovacevic, Aleksandar"]
[Result "1-0"]
[WhiteElo "2540"]
[BlackElo "2515"]

1.e4 c5 2.Nf3 d6 3.Bb5+ Bd7 4.Bxd7+ Qxd7 5.O-O Nc6 6.c3 Nf6 7.d4 cxd4 8.cxd4 d5
9.e5 Ne4 10.Ne1 f6 11.f3 Ng5 12.Bxg5 fxg5 13.f4 gxf4 14.Nd3 e6 15.Nxf4 O-O-O
16.Nc3 Kb8 17.Qd3 Rc8 18.Kh1 Bb4 19.Nce2 g5 20.Nh5 Ba5 21.Qh3 Bb6 22.Rad1 h6
23.Qg4 a6 24.h3 Ka7 25.Rf3 Nd8 26.Nc3 Rc4 27.b3 Rc7 28.Nf6 Qc8 29.Na4 Rc2
30.h4 Qc7 31.a3 gxh4 32.Rff1 Qe7 33.Qg6 Rc6 34.b4 h3 35.gxh3 Qc7 36.Nxb6 Rxb6
37.Rc1 Rc6 38.Rc5 Rxc5 39.bxc5 Rf8 40.Qxh6 Rf7 41.Qd2 Nc6 42.h4 Ne7 43.h5 Nf5
44.Rxf5 exf5 45.h6 f4 46.Qxf4 Qa5 47.Qe3 Qb5 48.Kg2 Qb1 49.Kg3 Qg6+ 50.Kh4 Rxf6
51.exf6 Qxf6+ 52.Kg4 Qg6+ 53.Qg5 Qe6+ 54.Kh5 Qf7+ 55.Qg6 Qf3+ 56.Qg4 Qf7+
57.Kg5 Qg8+ 58.Kh4 Qf8 59.Qe6 Qf4+ 60.Kh5 Qf3+ 61.Kg6 Qd3+ 62.Kf7 Qh7+ 63.Ke8 Qh8+
64.Kd7 Qxd4 65.h7 Qg7+ 66.Qe7 Qg4+ 67.Kd8 Qg3 68.c6 Qb8+ 69.Kd7 bxc6 70.Qc5+  1-0

[Event "Vecernjakov GP"]
[Site "Sarajevo"]
[Date "1998.04.01"]
[Round "2"]
[White "Jakupovic, Neven"]
[Black "Cvitan, Ognjen"]
[Result "1/2-1/2"]
[WhiteElo "2150"]
[BlackElo "2560"]

1.e4 c5 2.Nf3 d6 3.Bb5+ Bd7 4.Bxd7+ Qxd7 5.O-O Nf6 6.Re1 Nc6 7.c3 e6 8.d4 cxd4
9.cxd4 d5 10.e5 Ne4 11.Nbd2 Nxd2 12.Bxd2 Bb4 13.Rc1 Bxd2 14.Qxd2 O-O 15.Rc2 Rfc8
16.Rec1 h6 17.h3 Ne7 18.Rxc8+ Rxc8 19.Rxc8+ Qxc8 20.g4 Qc4 21.b3 Qb5 22.Kg2 a5
23.h4 a4 24.Qc3 Nc6 25.g5 h5 26.g6 fxg6 27.Qc2 Ne7 28.Qc7 Qe8 29.bxa4 g5
30.Nxg5 Nf5 31.Nf3 Kh7 32.Kh2 Kh6 33.a5 Qf8 34.Qc1+ Kh7 35.Ng5+ Kg8 36.Nxe6 Qe8
37.Ng5 Nxd4 38.Qf4 Ne6 39.Qf5 Nxg5 40.Qxg5 d4  1/2-1/2

[Event "CZE-chT 9798"]
[Site "CZE"]
[Date "1998.04.04"]
[Round "10"]
[White "Cisler, Petr"]
[Black "Tobyas, Miroslav"]
[Result "0-1"]
[WhiteElo "2170"]
[BlackElo "2310"]

1.e4 c5 2.Nf3 d6 3.Bb5+ Nd7 4.c3 a6 5.Ba4 Nf6 6.Qe2 e5 7.O-O Be7 8.d4 b5
9.Bc2 O-O 10.Rd1 Qc7 11.h3 Re8 12.d5 c4 13.Nbd2 Nc5 14.Nf1 a5 15.g4 Ba6 16.Ng3 b4
17.Nf5 Bf8 18.Bg5 Nfd7 19.Qe3 Nd3 20.Bxd3 cxd3 21.Rac1 bxc3 22.Rxc3 Nc5 23.b3 Qb7
24.Nd2 Qb4 25.Rdc1 Qa3 26.Ra1 Rab8 27.Qe1 a4 28.Be3 Qb4 29.Rac1 Nxe4 30.a3 Nxd2
31.axb4 Nf3+ 32.Kg2 Nxe1+ 33.Rxe1 Rxb4 34.Ra1 axb3 35.Rb1 Bc4 36.Bc1 Bxd5+
37.Kg3 e4 38.Ba3 Rb6 39.Ne3 Be6 40.Rc7 Ra8 41.Bb2 d5  0-1

[Event "Mar del Plata op"]
[Site "Mar del Plata"]
[Date "1998.04.06"]
[Round "3"]
[White "Dorin, Mauricio"]
[Black "Lallee, Cristian"]
[Result "1-0"]
[WhiteElo "2355"]
[BlackElo "2075"]

1.e4 c5 2.Nf3 d6 3.Bb5+ Bd7 4.Bxd7+ Qxd7 5.O-O Nc6 6.Re1 g6 7.c3 Bg7 8.d4 e5
9.dxc5 dxc5 10.Qxd7+ Kxd7 11.Na3 a6 12.Nc4 Kc7 13.a4 f6 14.a5 Rd8 15.Be3 Bf8
16.Nfd2 Nb8 17.Nb6 Nd7 18.Ndc4 Nxb6 19.Nxb6 Bd6 20.Nd5+ Kc6 21.c4 f5 22.b4 f4
23.Bxc5 Bxc5 24.bxc5 Kxc5 25.Rab1 Rd7 26.Nb6 Rc7 27.Red1 Kc6 28.Rd8 h5 29.Rbd1 Rg7
30.R1d5 g5 31.R8d6+  1-0

[Event "Vecernjakov GP"]
[Site "Sarajevo"]
[Date "1998.04.07"]
[Round "6"]
[White "Jakupovic, Neven"]
[Black "Boric, Muhamed"]
[Result "1/2-1/2"]
[WhiteElo "2150"]
[BlackElo "2400"]

1.e4 c5 2.Nf3 d6 3.Bb5+ Bd7 4.Bxd7+ Qxd7 5.c4 Nc6 6.O-O g6 7.d4 cxd4 8.Nxd4 Bg7
9.Be3 Nf6 10.f3 O-O 11.Nc3 Rfc8 12.b3 Qd8 13.Qd2 Qa5 14.Rfd1 Nxd4 15.Bxd4 Nd7
16.Nd5 Bxd4+ 17.Qxd4 Qd8 18.f4 Nb6 19.Ne3 Qc7 20.Rd3 f6 21.Qc3 Qc6 22.Re1 Rc7
23.Ng4 Rf8 24.Qd2 Nd7 25.Kh1 b5 26.cxb5 Qxb5 27.f5 Rfc8 28.Rg3 Rc2 29.Qh6 Qe2
30.Rg1 Nf8 31.fxg6 hxg6 32.Nxf6+ exf6 33.Rxg6+ Nxg6 34.Qxg6+ Kh8 35.Qxf6+ Kh7
36.Qf7+  1/2-1/2

[Event "AUT-ch U18 Girls"]
[Site "Koestendorf"]
[Date "1998.04.09"]
[Round "6.6"]
[White "Kreutmayer, Simone"]
[Black "Roscher, Christine"]
[Result "1-0"]
[WhiteElo "1517"]
[BlackElo "1568"]

1.e4 c5 2.Nf3 d6 3.Bb5+ Bd7 4.Bxd7+ Nxd7 5.O-O Ngf6 6.Re1 e5 7.c3 Be7 8.d4 cxd4
9.cxd4 O-O 10.Nc3 a6 11.a3 Qc7 12.Qd3 Rac8 13.Bd2 Nb6 14.Rac1 Nc4 15.Nd1 Nxb2
16.Nxb2 Qb6 17.Nc4 Qb5 18.dxe5 dxe5 19.Ncxe5 Qxd3 20.Nxd3 Bxa3 21.Ra1 Be7
22.e5 Nd7 23.Rec1 Bc5 24.Rc3 Rc6 25.Rb1 Rb8 26.Rbc1 Rbc8 27.Nxc5 Nxc5 28.Be3 Nd3
29.Rxc6 bxc6 30.Rd1 Nb4 31.Rd7 h6 32.Bc5 a5 33.Ra7 Rd8 34.g3 Rd1+ 35.Kg2 Rd5
36.Rxa5 Nd3 37.Bb6 Rxa5 38.Bxa5 c5 39.Bc3 Kf8 40.Ne1 Nxe1+ 41.Bxe1 Ke7 42.f4 Ke6
43.Kf3 Kf5 44.g4+ Ke6 45.Ke4 f6 46.f5+ Kf7 47.e6+ Ke7 48.Kd5  1-0

[Event "Frohnleiten"]
[Site "Frohnleiten"]
[Date "1998.04.11"]
[Round "9"]
[White "Baumegger, Siegfried"]
[Black "Freitag, Manfred"]
[Result "1/2-1/2"]
[WhiteElo "2495"]
[BlackElo "2385"]

1.e4 c5 2.Nf3 d6 3.Bb5+ Nd7 4.c3 Nf6 5.Qe2 a6 6.Ba4 b5 7.Bc2 e5 8.O-O Be7
9.d4 O-O 10.Nbd2 Re8 11.dxe5 Nxe5 12.Nxe5 dxe5 13.a4 Rb8 14.axb5 axb5 15.Rd1 Qc7
16.Nf1 Be6 17.b3 Qc6  1/2-1/2

[Event "Dreifluesse op"]
[Site "Passau"]
[Date "1998.04.12"]
[Round "6"]
[White "Klimpel, Thomas"]
[Black "Rabe, Thomas"]
[Result "1/2-1/2"]
[WhiteElo "2155"]
[BlackElo "1940"]

1.e4 c5 2.Nf3 d6 3.Bb5+ Nc6 4.O-O g6 5.d3 Bg7 6.Nc3 a6 7.Bxc6+ bxc6 8.h3 e5
9.Be3 Ne7 10.Qd2 O-O 11.Bh6 Rb8 12.Bxg7 Kxg7 13.b3 f5 14.exf5 Nxf5 15.Ne4 Nd4
16.Nh2 Bf5 17.c3 Nb5 18.Rac1 Qe7  1/2-1/2

[Event "DEN-ch"]
[Site "Taastrup"]
[Date "1998.04.12"]
[Round "9"]
[White "Mortensen, Erling"]
[Black "Borge, Nikolaj"]
[Result "0-1"]
[WhiteElo "2510"]
[BlackElo "2390"]

1.e4 c5 2.Nf3 d6 3.Bb5+ Nd7 4.c3 Nf6 5.Qe2 a6 6.Ba4 Qc7 7.Bc2 c4 8.a4 Ne5
9.Nxe5 dxe5 10.Na3 Be6 11.d3 cxd3 12.Bxd3 Bb3 13.O-O Nd7 14.Nc4 Rc8 15.Nd2 Be6
16.a5 g6 17.c4 Bg7 18.b4 O-O 19.Ba3 Rfd8 20.Rfc1 Nb8 21.Nb3 Bh6 22.Rc2 Qd7
23.Rc3 Nc6 24.Nc5 Nd4 25.Nxd7 Nxe2+ 26.Bxe2 Rxd7 27.c5 Bd2 28.Rd3 Rcd8 29.Rxd7 Bxd7
30.Kf1 Bc6 31.Rd1 Ba4 32.Ra1 Rd4 33.f3 Bc6 34.Rd1 Ba4 35.Ra1 Bc6 36.Rd1 Bc3
37.Rxd4 exd4 38.Bc4 e6 39.Ke2 Kf8 40.Kd3 Ke7 41.Kc2 Ba4+ 42.Kd3 Kd7 43.f4 Kc6
44.f5 Bb5 45.fxe6 fxe6 46.g4 e5 47.h3 Be1 48.Ke2 Bxc4+ 49.Kxe1 Bd3 50.Bc1 Bxe4
51.Bh6 Bd3 52.Kf2 Kd5 53.Kf3 e4+ 54.Kf2 e3+ 55.Kf3 Be4+ 56.Kg3 Kc4 57.Bg7 d3  0-1

[Event "Czerniak mem 14th"]
[Site "Tel Aviv"]
[Date "1998.04.12"]
[Round "4"]
[White "Skripchenko, Almira"]
[Black "Kaspi, Alexander"]
[Result "1-0"]
[WhiteElo "2400"]
[BlackElo "2525"]

1.e4 c5 2.Nf3 d6 3.Bb5+ Nd7 4.O-O Nf6 5.Re1 a6 6.Bf1 e5 7.c3 Be7 8.d4 O-O
9.a4 b6 10.dxe5 dxe5 11.c4 Bb7 12.Nc3 Qc7 13.Bg5 Rfd8 14.Qb3 h6 15.Bd2 Nf8
16.a5 bxa5 17.Nd5 Bxd5 18.cxd5 Rdb8 19.Qc2 N6d7 20.Bxa5 Qd6 21.Nd2 Ng6 22.g3 Bd8
23.Nc4 Qf6 24.Bc3 Qe7 25.Bh3 Ngf8 26.Ra2 Ra7 27.Rea1 Rba8 28.Qd3 f6 29.f4 exf4
30.gxf4 Ng6 31.Qg3 Qxe4 32.Nd2 Qxf4 33.Qxg6 Qe3+ 34.Kg2 Bc7 35.Be6+ Kh8 36.Qe4 Qg5+
37.Kh1 Qh5 38.Nf3 Nf8 39.Bg4 Qf7 40.Rg1 Re8 41.Qd3 Rd8 42.Rd1 a5 43.Nh4 Bb8
44.b3 Bc7 45.Qf3 Ra6 46.Bh5 Qd7 47.Ng6+ Nxg6 48.Bxg6 Rd6 49.Bf5 Qb5 50.Bc2 Kg8
51.Qd3  1-0

[Event "Budapest FS04 GM"]
[Site "Budapest"]
[Date "1998.04.13"]
[Round "10"]
[White "Estrada Nieto, Julian"]
[Black "Ruck, Robert"]
[Result "1/2-1/2"]
[WhiteElo "2395"]
[BlackElo "2450"]

1.e4 c5 2.Nf3 d6 3.Bb5+ Nd7 4.O-O Nf6 5.Re1 a6 6.Bf1 b6 7.d4 cxd4 8.Qxd4 Bb7
9.e5 dxe5 10.Nxe5 Nxe5 11.Qxe5 e6 12.Nc3 Bd6 13.Qg5 O-O 14.Bd3 Nd5 15.Nxd5 Bxd5
16.Qh5 g6 17.Qh6 Qc7 18.Bd2 Qb7 19.Bf1 b5 20.a4 b4 21.a5 Rfc8 22.c3 Bf8 23.Qf4 bxc3
24.Bxc3 Bg7 25.Bxg7 Kxg7 26.Qd4+ Kg8 27.Rec1 Rd8 28.Qe5 Rdc8 29.Qd4 Rc6 30.Rxc6 Qxc6
31.b4 Rc8 32.h4 h5 33.Re1 Qb7 34.Ra1 Rc6 35.Qf4 Rc3 36.Rc1 Rxc1 37.Qxc1 Qxb4
38.Qc8+ Kg7 39.Qxa6 Qxh4 40.Qb5 Qe4 41.a6 h4 42.Qb2+ f6 43.Qa3 g5 44.Qe7+ Kg6
45.Qe8+ Kg7 46.Qe7+ Kg6 47.Qe8+ Kg7  1/2-1/2

[Event "St Petersburg-ch"]
[Site "St Petersburg"]
[Date "1998.04.13"]
[Round "6"]
[White "Kochyev, Alexander"]
[Black "Loginov, Valery A"]
[Result "1/2-1/2"]
[WhiteElo "2430"]
[BlackElo "2500"]

1.e4 c5 2.Nf3 d6 3.Bb5+ Bd7 4.Bxd7+ Qxd7 5.O-O e6 6.c4 Nc6 7.d4 cxd4 8.Nxd4 Nf6
9.Nc3 Be7 10.b3 O-O 11.Bb2 Rfd8 12.Rc1 a6 13.Qd2 Rab8 14.Rfd1  1/2-1/2

[Event "ARG-ch"]
[Site "Buenos Aires"]
[Date "1998.04.17"]
[Round "3"]
[White "Malbran, Guillermo"]
[Black "Fiorito, Fabian"]
[Result "1/2-1/2"]
[WhiteElo "2355"]
[BlackElo "2455"]

1.e4 c5 2.Nf3 d6 3.Bb5+ Nd7 4.O-O Nf6 5.d4 a6 6.Bxd7+ Nxd7 7.e5 e6 8.exd6 Bxd6
9.Nc3 O-O 10.Ne4 Be7 11.Be3 cxd4 12.Qxd4 Nf6 13.Qxd8 Rxd8 14.Nxf6+ Bxf6 15.Rad1 b5
16.Rxd8+ Bxd8 17.Rd1 Bb7 18.Ne5 Bd5 19.a3 Bf6 20.f4 Rd8 21.Bb6 Rc8 22.c3 Be7
23.Be3 f6 24.Nd7 Rd8 25.Nc5 a5 26.b4 axb4 27.axb4 Kf7 28.Ra1 Ra8 29.Rxa8 Bxa8
30.g3 h6 31.h4 Bd5 32.Kf2 Kg6 33.Nd7 Kf5 34.Bc5 Bd8 35.Bf8 Kg6 36.Bc5 Bc6
37.Bb6 Bxb6+ 38.Nxb6 Kf5 39.Ke3 Kg4 40.Kf2 Kf5 41.c4 Ke4 42.cxb5 Bxb5 43.Na8 Kd4
44.Nc7 Bd7 45.Na6 Kc4 46.Ke3 Bc8 47.b5 Kxb5 48.Nc7+ Kc6 49.Ne8 Kd7 50.Nxg7 Ke7
51.g4 Bd7 52.Nh5 Ba4 53.Ng3 Bd1 54.g5  1/2-1/2

[Event "ARG-ch"]
[Site "Buenos Aires"]
[Date "1998.04.20"]
[Round "5"]
[White "Ginzburg, Maximiliano"]
[Black "Fiorito, Fabian"]
[Result "1-0"]
[WhiteElo "2470"]
[BlackElo "2455"]

1.e4 c5 2.Nf3 d6 3.Bb5+ Nd7 4.d4 Nf6 5.Nc3 a6 6.Bxd7+ Nxd7 7.O-O e6 8.a4 Be7
9.a5 cxd4 10.Qxd4 O-O 11.Be3 Rb8 12.Qd3 b5 13.axb6 Nxb6 14.b3 Bb7 15.Na4 Nd7
16.Nd2 Qc7 17.f4 Rbc8 18.c4 Qc6 19.Bd4 e5 20.Be3 exf4 21.Bxf4 Nc5 22.Qg3 Nxa4
23.Rxa4 Kh8 24.Be3 Qd7 25.Ra5 Qe6 26.Bd4 Qg6 27.Qf4 Rce8 28.h4 h6 29.Rf5 f6
30.h5 Qh7 31.Nf3 Bd8 32.Nh4 Bxe4 33.Ng6+ Kg8 34.g4 Bxf5 35.Qxf5 Rf7 36.Qd5 f5
37.Rxf5 Bf6 38.Kg2 Re2+ 39.Kf3 Re8 40.Qxd6 Bxd4 41.Rxf7 Re3+ 42.Kf4 Be5+
43.Qxe5  1-0

[Event "GRE-chT"]
[Site "Poros"]
[Date "1998.04.20"]
[Round "1"]
[White "Markidis, Konstantinos"]
[Black "Tzoumbas, Anastasios"]
[Result "1/2-1/2"]
[WhiteElo "2225"]
[BlackElo "2380"]

1.e4 c5 2.Nf3 d6 3.Bb5+ Bd7 4.Bxd7+ Qxd7 5.O-O Nf6 6.Re1 e6 7.d4 cxd4 8.Nxd4 Nc6
9.c4 Be7 10.Nc3 O-O 11.h3 Rfc8 12.b3 a6 13.Bb2 Qc7 14.Rc1 Qa5 15.a3 Rab8
16.b4 Qh5 17.Nf3 Bf8 18.Nb1 Rd8 19.Nbd2 Nd7 20.Nf1 Rbc8 21.Ne3 Nf6 22.Nd2 Ne5
23.Qb3 Ng6 24.Nef1 Qh6 25.Bd4 Nf4 26.Qf3 b5 27.Be3 g5 28.Bxf4 gxf4 29.cxb5 axb5
30.Rxc8 Rxc8 31.Qd3 Qh5 32.Nf3 d5 33.Qxb5 dxe4 34.Qxh5 Nxh5 35.Rxe4 Ra8 36.Re5 Nf6
37.Rg5+ Bg7  1/2-1/2

[Event "Serbian-ch 29th"]
[Site "Sabac"]
[Date "1998.04.21"]
[Round "2"]
[White "Marciano, David"]
[Black "Solak, Dragan"]
[Result "1-0"]
[WhiteElo "2485"]
[BlackElo "2380"]

1.e4 c5 2.Nf3 d6 3.Bb5+ Nd7 4.d4 cxd4 5.Qxd4 a6 6.Bxd7+ Bxd7 7.Bg5 h6 8.Bh4 Nf6
9.Nc3 e5 10.Qd3 g5 11.Bg3 Be7 12.h4 g4 13.Nd2 b5 14.Nf1 b4 15.Nd5 Nxd5 16.Qxd5 Be6
17.Qd2 a5 18.h5 Bg5 19.Ne3 Qb6 20.O-O Bxe3 21.fxe3 Qc6 22.Rad1 O-O-O 23.Rc1 Qxe4
24.c3 Kb7 25.Rfd1 b3 26.c4 bxa2 27.Qxa5 Qc6 28.Qxa2 f6 29.e4 Ra8 30.Qb3+ Kc7
31.Qc3 Qxe4 32.c5 d5 33.Re1 d4 34.Qb4 Qc6 35.Qxd4 Bd5 36.Rxe5 fxe5 37.Bxe5+ Kb7
38.Qb4+ Kc8 39.Bxh8 Ra4 40.Qd2 g3 41.Be5 Qe6 42.Bxg3 Rd4 43.Qxd4 Qe2 44.Qf2  1-0

[Event "ARG-ch"]
[Site "Buenos Aires"]
[Date "1998.04.22"]
[Round "7"]
[White "Malbran, Guillermo"]
[Black "Ricardi, Pablo"]
[Result "1-0"]
[WhiteElo "2355"]
[BlackElo "2555"]

1.e4 c5 2.Nf3 d6 3.Bb5+ Bd7 4.Bxd7+ Nxd7 5.O-O Ngf6 6.Qe2 e6 7.c3 Be7 8.d4 cxd4
9.cxd4 d5 10.e5 Ne4 11.Ne1 Qb6 12.Be3 f5 13.f3 Ng5 14.Nd3 O-O 15.Nd2 Rfc8
16.Rfc1 Nf7 17.g4 fxg4 18.fxg4 Nh8 19.Nf3 Ng6 20.Kg2 Qa6 21.Rxc8+ Rxc8 22.Rc1 Rf8
23.b3 Nb8 24.Kg3 h6 25.h4 Nc6 26.Nf4 Qxe2 27.Nxe2 Ba3 28.Rc3 Bb4 29.Rc2 Rc8
30.h5 Nf8 31.g5 hxg5 32.Nxg5 Be1+ 33.Kh3 Re8 34.Nf4 Ba5 35.Rg2 Bb6 36.Nf3 Ne7
37.h6 Nf5 38.Nh5 Re7 39.Bc1 g6 40.Ba3 Rf7 41.Nf6+ Kh8 42.Ng5 Rc7 43.Bxf8  1-0

[Event "GRE-chT"]
[Site "Poros"]
[Date "1998.04.25"]
[Round "8"]
[White "Mastrokoukos, Georgios"]
[Black "Nikolaidis, Konstantinos"]
[Result "1/2-1/2"]
[WhiteElo "2375"]
[BlackElo "2350"]

1.e4 c5 2.Nf3 d6 3.Bb5+ Bd7 4.Bxd7+ Qxd7 5.c4 Nf6 6.Nc3 Nc6 7.O-O e6 8.d4 cxd4
9.Nxd4 Be7 10.b3 O-O 11.Bb2 Rfc8 12.Nc2 a6 13.a4 Qc7 14.Ne3 Qb6 15.Rb1 Rd8
16.Ba1 Nb4 17.Qf3 Nd7 18.Qg3 Bf8  1/2-1/2

[Event "Serbian-ch 29th"]
[Site "Sabac"]
[Date "1998.04.28"]
[Round "9"]
[White "Relange, Eloi"]
[Black "Markovic, Miroslav"]
[Result "0-1"]
[WhiteElo "2490"]
[BlackElo "2540"]

1.e4 c5 2.Nf3 d6 3.Bb5+ Bd7 4.Bxd7+ Qxd7 5.c4 Nc6 6.Nc3 Ne5 7.d3 e6 8.O-O Nf6
9.h3 Be7 10.Be3 O-O 11.b3 a6 12.a4 Ng6 13.d4 Qc7 14.Qc2 Rad8 15.Rad1 cxd4
16.Nxd4 Rfe8 17.f4 Nf8 18.g4 h6 19.Kh1 N6d7 20.Qf2 Qa5 21.Bd2 Qc5 22.Be3 Qb4
23.Bd2 Qc5 24.Be3 Qa5 25.Bd2 Qc7 26.h4 Bf6 27.g5 Bxd4 28.Qxd4 h5 29.Be3 Nb8
30.Qb6 Qc8 31.f5 Nc6 32.Bg1 exf5 33.exf5 Nd7 34.Qf2 Nde5 35.Qg2 Ng4 36.Nd5 Ne7
37.g6 fxg6 38.Nxe7+ Rxe7 39.Qd5+ Kh8 40.fxg6 Nh6 41.Qxh5 Re4 42.Bh2 Rde8
43.Rxd6 Re1 44.Rd1 R1e3 45.Qd5 Qh3 46.Qc5 Rf3 47.Rfe1 Ref8 48.Qg5 Rxb3 49.Rd8 Qf3+
50.Kg1 Qf2+  0-1

[Event "RUS-ch (Women)"]
[Site "Elista"]
[Date "1998.04.29"]
[Round "4.2"]
[White "Kovalevskaya, Ekaterina"]
[Black "Galliamova, Alisa"]
[Result "1-0"]
[WhiteElo "2390"]
[BlackElo "2505"]

1.e4 c5 2.Nf3 d6 3.Bb5+ Bd7 4.Bxd7+ Nxd7 5.O-O Ngf6 6.d3 e6 7.Nc3 Be7 8.Ng5 a6
9.f4 b5 10.Qf3 O-O 11.Be3 Ne8 12.Nh3 b4 13.Ne2 Bf6 14.c3 g6 15.d4 Bg7 16.cxb4 cxb4
17.Nf2 Rc8 18.Nd3 a5 19.Rac1 Nb6 20.b3 Nc7 21.d5 Nb5 22.Qf2 Nd7 23.dxe6 fxe6
24.Nd4 Rxc1 25.Rxc1 Nxd4 26.Bxd4 Ne5 27.Nxe5 dxe5 28.Bb6 Qa8 29.Qc2 exf4
30.Qc4 Re8 31.Rd1 Qb7 32.Rd6 Qe7 33.Qc6 Be5 34.Qxe8+ Qxe8 35.Rd8 Qxd8 36.Bxd8 Kf7
37.Bxa5 Bd6 38.Bb6 Kf6 39.Bd4+ Be5 40.Bc5 Bc3 41.Bd6 Kg5 42.Kf2 e5 43.Be7+ Kh6
44.Ke2 Kg7 45.Kd3 Kf7 46.Bh4 Bd4 47.Kc4 h6 48.Be1 g5 49.Bxb4 g4 50.Kd3 Bg1
51.Ke2 Bxh2 52.Bc5 Bg3 53.a4 Ke6 54.a5 Kd7 55.a6 Kc8 56.b4 Kb8 57.b5 Bh4
58.b6  1-0